[Event "Sparkassen-Open A"]
[Site "Heusenstamm, Martinsee"]
[Date "2021.11.21"]
[Round "7.4"]
[White "Krassowizkij, Jaroslaw"]
[Black "Kersten, Uwe"]
[Result "1-0"]
[WhiteElo "2458"]
[BlackElo "2254"]
[PlyCount "135"]
[EventDate "2021.??.??"]
[WhiteTeam "TSV Schönaich"]
[BlackTeam "Sfr. Bad Emstal/Wolfhagen"]

{[%evp 0,13,17,23,23,2,41,40,40,47,47,-1,13,15,41,20]} 1. d4 {[%emt 0:00:17]}
Nf6 {[%emt 0:01:19]} 2. c4 {[%emt 0:00:12]} c5 {[%emt 0:00:30]} 3. d5 {[%emt 0:
00:13]} g6 {[%emt 0:00:19]} 4. Nc3 {[%emt 0:00:11]} Bg7 {[%emt 0:00:03]} 5. g3
{[%emt 0:00:18]} O-O {[%emt 0:01:11]} 6. Bg2 e6 {[%emt 0:00:18]} 7. Nh3 {
[%emt 0:02:26]} exd5 {[%emt 0:04:17]} 8. Nxd5 {[%emt 0:00:18]} Nxd5 9. Qxd5 {
[%emt 0:00:44]} d6 {[%emt 0:03:13]} 10. O-O {[%emt 0:09:57]} Nc6 {[%emt 0:03:
30]} 11. Bg5 {[%emt 0:15:33]} Qb6 {[%emt 0:08:44]} 12. b3 {[%emt 0:00:45]} Nd4
{[%emt 0:08:53]} 13. e3 {[%emt 0:15:07]} Be6 {[%emt 0:06:43]} 14. Qe4 {[%emt 0:
00:13]} Bf5 {[%emt 0:09:46]} 15. Qh4 {[%emt 0:01:36]} Bxh3 {[%emt 0:17:06]} 16.
Qxh3 Ne6 {[%emt 0:00:25]} 17. Bh6 {[%emt 0:00:10]} Bxa1 {[%emt 0:04:51]} 18.
Bxf8 {[%emt 0:01:10]} Nxf8 {[%emt 0:08:31]} 19. Rxa1 {[%emt 0:00:16]} a5 {
[%emt 0:00:15]} 20. Qh4 {[%emt 0:10:18]} a4 {[%emt 0:00:44]} 21. Rb1 {[%emt 0:
12:17]} Qb4 {[%emt 0:04:28]} 22. Bd5 {[%emt 0:03:09]} Re8 {[%emt 0:03:36]} 23.
Qf4 {[%emt 0:03:25]} Ne6 {[%emt 0:00:57]} 24. Qxd6 {[%emt 0:00:07]} a3 {
[%emt 0:01:49]} 25. Rd1 {[%emt 0:04:50]} Rd8 {[%emt 0:02:31]} 26. Qe5 {[%emt 0:
04:17]} b5 {[%emt 0:05:03]} 27. Kg2 {[%emt 0:02:23]} bxc4 {[%emt 0:00:20]} 28.
bxc4 {[%emt 0:00:03]} Qb6 {[%emt 0:03:05]} 29. Qc3 {[%emt 0:03:12]} Qb4 {
[%emt 0:00:32]} 30. Qf6 {[%emt 0:01:58]} Qb2 {[%emt 0:00:39]} 31. Qxb2 {
[%emt 0:01:34]} axb2 32. Rb1 {[%emt 0:00:07]} Rb8 {[%emt 0:00:25]} 33. Kf3 {
[%emt 0:02:17]} Nf8 {[%emt 0:00:04]} 34. Ke2 {[%emt 0:03:53]} Nd7 {[%emt 0:00:
08]} 35. Kd3 {[%emt 0:00:18]} Kf8 {[%emt 0:01:07]} 36. Kc2 {[%emt 0:00:14]} Ne5
{[%emt 0:00:45]} 37. f3 {[%emt 0:02:34]} Rb6 {[%emt 0:00:59]} 38. Rxb2 {
[%emt 0:00:33]} Ra6 {[%emt 0:00:14]} 39. Kb1 {[%emt 0:00:48]} Ra4 {[%emt 0:00:
43]} 40. Rb5 {[%emt 0:03:24]} Nxc4 {[%emt 0:00:29]} 41. Rxc5 {[%emt 0:05:16]}
Nxe3 {[%emt 0:06:12]} 42. Bb3 {[%emt 0:00:05]} Ra7 {[%emt 0:00:09]} 43. a4 {
[%emt 0:02:45]} h5 {[%emt 0:01:17]} 44. Kb2 {[%emt 0:01:34]} Nf5 {[%emt 0:01:
28]} 45. Ka3 {[%emt 0:01:57]} Ke7 {[%emt 0:00:17]} 46. Rd5 {[%emt 0:00:52]} h4
{[%emt 0:06:50]} 47. g4 {[%emt 0:00:25]} Nd6 {[%emt 0:00:15]} 48. g5 {[%emt 0:
06:53]} Ra6 {[%emt 0:02:27]} 49. a5 {[%emt 0:03:42]} f6 {[%emt 0:00:36]} 50.
gxf6+ {[%emt 0:01:36]} Kxf6 {[%emt 0:00:12]} 51. Kb4 {[%emt 0:00:06]} h3 {
[%emt 0:09:25]} 52. Bc4 {[%emt 0:04:03]} Nxc4 {[%emt 0:00:41]} 53. Kxc4 {
[%emt 0:00:37]} Rc6+ {[%emt 0:01:13]} 54. Kb3 {[%emt 0:01:30]} Re6 {[%emt 0:00:
59]} 55. Rc5 {[%emt 0:06:13]} g5 {[%emt 0:01:21]} 56. Rc4 {[%emt 0:00:08]} Kf5
{[%emt 0:01:44]} 57. Ra4 {[%emt 0:00:17]} Re3+ {[%emt 0:00:21]} 58. Kc4 {
[%emt 0:01:44]} Re2 {[%emt 0:02:58]} 59. a6 {[%emt 0:00:35]} Rxh2 {[%emt 0:00:
09]} 60. Kd3 {[%emt 0:00:33]} Rh1 {[%emt 0:00:24]} 61. a7 {[%emt 0:00:15]} Rd1+
{[%emt 0:09:03]} 62. Ke2 {[%emt 0:00:22]} h2 {[%emt 0:00:21]} 63. a8=Q {
[%emt 0:00:10]} h1=Q {[%emt 0:01:32]} 64. Qe4+ {[%emt 0:00:47]} Kf6 {[%emt 0:
00:12]} 65. Ra6+ {[%emt 0:00:06]} Kf7 {[%emt 0:00:28]} 66. Qe6+ {[%emt 0:00:05]
} Kf8 {[%emt 0:00:24]} 67. Ra8+ {[%emt 0:00:11]} Kg7 {[%emt 0:00:06]} 68. Rg8+
{[%emt 0:00:11]} 1-0

[Event "Sparkassen-Open A"]
[Site "Heusenstamm, Martinsee"]
[Date "2021.11.21"]
[Round "7.5"]
[White "Neukirchner, Pascal"]
[Black "Milov, Leonid"]
[Result "0-1"]
[WhiteElo "2230"]
[BlackElo "2450"]
[PlyCount "64"]
[EventDate "2021.??.??"]
[WhiteTeam "SK Gründau"]
[BlackTeam "SC Noris-Tarrasch Nürnberg"]

{[%evp 0,10,17,23,70,49,89,92,69,71,102,39,46]} 1. d4 {[%emt 0:00:34]} f5 2.
Bg5 {[%emt 0:00:04]} g6 3. Nc3 Bg7 {[%emt 0:00:14]} 4. e3 {[%emt 0:00:16]} d6 {
[%emt 0:01:28]} 5. h4 {[%emt 0:04:17]} h6 {[%emt 0:00:24]} 6. Bf4 {[%emt 0:00:
05]} Nf6 {[%emt 0:00:08]} 7. Bc4 {[%emt 0:06:18]} Nc6 {[%emt 0:06:08]} 8. Qf3 {
[%emt 0:09:01]} e6 {[%emt 0:02:12]} 9. Nge2 {[%emt 0:02:48]} Qe7 {[%emt 0:04:
06]} 10. O-O-O {[%emt 0:03:22]} a6 {[%emt 0:05:31]} 11. Bh2 {[%emt 0:15:31]} g5
{[%emt 0:49:59]} 12. e4 {[%emt 0:17:15]} f4 {[%emt 0:00:13]} 13. e5 {[%emt 0:
08:54]} dxe5 {[%emt 0:01:16]} 14. d5 Nb4 {[%emt 0:16:05]} 15. Ne4 {[%emt 0:09:
42]} exd5 {[%emt 0:00:48]} 16. Nxf6+ {[%emt 0:00:29]} Qxf6 {[%emt 0:00:42]} 17.
Bxd5 {[%emt 0:03:38]} Nxd5 {[%emt 0:01:03]} 18. Qxd5 {[%emt 0:00:34]} c6 {
[%emt 0:00:44]} 19. Qb3 {[%emt 0:00:22]} Qe6 {[%emt 0:01:30]} 20. Nc3 {[%emt 0:
05:11]} Qxb3 {[%emt 0:00:15]} 21. axb3 {[%emt 0:00:03]} Bf5 {[%emt 0:00:11]}
22. f3 {[%emt 0:00:21]} Rd8 {[%emt 0:03:06]} 23. Bg1 {[%emt 0:00:17]} Rxd1+ {
[%emt 0:00:04]} 24. Kxd1 {[%emt 0:00:03]} Kf7 {[%emt 0:00:10]} 25. Bb6 {
[%emt 0:00:11]} gxh4 {[%emt 0:00:25]} 26. Rxh4 {[%emt 0:00:26]} Bf6 {[%emt 0:
00:11]} 27. Rh5 {[%emt 0:01:41]} Kg6 {[%emt 0:00:16]} 28. Rh1 {[%emt 0:00:20]}
Bd8 {[%emt 0:00:15]} 29. Bc5 {[%emt 0:00:34]} Bc7 {[%emt 0:01:21]} 30. Kc1 h5 {
[%emt 0:01:14]} 31. Be7 {[%emt 0:02:34]} Kf7 {[%emt 0:00:30]} 32. Bh4 {[%emt 0:
00:30]} Rg8 {[%emt 0:00:03]} 0-1

[Event "Sparkassen-Open A"]
[Site "Heusenstamm, Martinsee"]
[Date "2021.11.21"]
[Round "7.6"]
[White "Krastev, Alexander"]
[Black "Heimrath, Reiner"]
[Result "1/2-1/2"]
[WhiteElo "2418"]
[BlackElo "2169"]
[PlyCount "97"]
[EventDate "2021.??.??"]
[WhiteTeam "SG Solingen"]
[BlackTeam "SC Noris-Tarrasch Nürnberg"]

{[%evp 0,14,17,17,65,55,70,71,80,55,61,57,52,41,66,46,72]} 1. e4 d6 2. d4 Nf6 {
[%emt 0:00:05]} 3. Nc3 e5 4. Nf3 {[%emt 0:00:09]} Nbd7 {[%emt 0:00:34]} 5. Bc4
{[%emt 0:00:13]} Be7 {[%emt 0:00:30]} 6. O-O {[%emt 0:00:04]} c6 {[%emt 0:00:
07]} 7. a4 {[%emt 0:00:17]} a5 {[%emt 0:01:47]} 8. h3 {[%emt 0:16:59]} O-O {
[%emt 0:01:41]} 9. Be3 {[%emt 0:00:34]} Qc7 {[%emt 0:07:58]} 10. Qb1 {[%emt 0:
16:01]} exd4 {[%emt 0:11:30]} 11. Bxd4 {[%emt 0:00:42]} Ne5 {[%emt 0:00:34]}
12. Nxe5 {[%emt 0:03:22]} dxe5 {[%emt 0:00:29]} 13. Be3 {[%emt 0:00:08]} Nd7 {
[%emt 0:01:33]} 14. Rd1 {[%emt 0:05:25]} Nc5 {[%emt 0:05:57]} 15. Qa2 {[%emt 0:
01:09]} Ne6 {[%emt 0:05:01]} 16. Ne2 {[%emt 0:21:12]} Bc5 {[%emt 0:08:57]} 17.
Qb3 {[%emt 0:02:08]} Qe7 {[%emt 0:08:58]} 18. Rd2 {[%emt 0:02:30]} Bb4 {
[%emt 0:11:32]} 19. Rd3 {[%emt 0:17:58]} Rb8 {[%emt 0:09:09]} 20. Rad1 {
[%emt 0:01:09]} b5 {[%emt 0:06:12]} 21. axb5 cxb5 {[%emt 0:00:04]} 22. Bd5 a4 {
[%emt 0:00:07]} 23. Qa2 {[%emt 0:00:12]} Bc5 {[%emt 0:02:50]} 24. c3 {[%emt 0:
02:23]} Qa7 {[%emt 0:03:14]} 25. Kh2 {[%emt 0:05:24]} Qb6 {[%emt 0:00:19]} 26.
Ng3 {[%emt 0:01:02]} Bxe3 {[%emt 0:03:33]} 27. fxe3 {[%emt 0:00:19]} g6 {
[%emt 0:00:50]} 28. Rf1 {[%emt 0:01:28]} Qc5 {[%emt 0:01:39]} 29. Ne2 {[%emt 0:
01:26]} Rb6 {[%emt 0:01:29]} 30. Nc1 {[%emt 0:01:15]} Bb7 {[%emt 0:03:16]} 31.
b3 {[%emt 0:01:12]} Bxd5 {[%emt 0:01:22]} 32. exd5 {[%emt 0:00:40]} e4 {
[%emt 0:00:29]} 33. Rd2 {[%emt 0:00:47]} Qd6+ {[%emt 0:00:46]} 34. Kh1 {
[%emt 0:00:13]} Nc5 {[%emt 0:00:30]} 35. b4 {[%emt 0:00:56]} Nd7 {[%emt 0:00:
05]} 36. Rd4 {[%emt 0:00:12]} f5 {[%emt 0:00:38]} 37. c4 {[%emt 0:00:43]} Qxb4
{[%emt 0:00:30]} 38. cxb5 {[%emt 0:00:30]} Qxb5 {[%emt 0:00:19]} 39. d6+ {
[%emt 0:00:03]} Kg7 {[%emt 0:00:19]} 40. Rfd1 {[%emt 0:00:25]} Rf6 {[%emt 0:01:
54]} 41. Qa3 {[%emt 0:13:00]} Kh6 {[%emt 0:06:04]} 42. Rxa4 {[%emt 0:13:15]}
Rfxd6 {[%emt 0:13:05]} 43. Rxd6 {[%emt 0:00:34]} Rxd6 44. Qxd6 Qxa4 45. Ne2
Qa1+ {[%emt 0:00:22]} 46. Ng1 {[%emt 0:00:32]} Qa7 {[%emt 0:04:39]} 47. Qe7 {
[%emt 0:01:19]} Qa4 {[%emt 0:01:09]} 48. h4 {[%emt 0:02:47]} Qd1 {[%emt 0:02:
57]} 49. Kh2 {[%emt 0:08:23]} 1/2-1/2

[Event "Sparkassen-Open A"]
[Site "Heusenstamm, Martinsee"]
[Date "2021.11.21"]
[Round "7.7"]
[White "Hahn, Markus"]
[Black "Abel, Thomas"]
[Result "1/2-1/2"]
[WhiteElo "2264"]
[BlackElo "2334"]
[PlyCount "113"]
[EventDate "2021.??.??"]
[WhiteTeam "SVG Caissa Kassel"]
[BlackTeam "VL Bad Vilbel"]

{[%evp 0,10,17,23,15,2,42,21,22,30,49,34,37]} 1. d4 {[%emt 0:00:22]} d5 2. c4 {
[%emt 0:00:25]} c6 3. cxd5 {[%emt 0:00:36]} cxd5 {[%emt 0:00:34]} 4. Bf4 {
[%emt 0:00:17]} Nc6 {[%emt 0:00:18]} 5. e3 {[%emt 0:00:18]} Nf6 {[%emt 0:00:29]
} 6. Nc3 {[%emt 0:00:49]} e6 {[%emt 0:03:40]} 7. Bd3 {[%emt 0:01:29]} Bd6 {
[%emt 0:02:15]} 8. Bxd6 {[%emt 0:00:36]} Qxd6 {[%emt 0:00:35]} 9. f4 Bd7 {
[%emt 0:01:06]} 10. Nf3 {[%emt 0:01:59]} O-O {[%emt 0:03:15]} 11. O-O {[%emt 0:
01:14]} Rfc8 {[%emt 0:00:54]} 12. Ne5 {[%emt 0:05:17]} Be8 {[%emt 0:05:40]} 13.
Rf3 {[%emt 0:27:52]} Na5 {[%emt 0:07:48]} 14. Rh3 {[%emt 0:05:25]} g6 {[%emt 0:
05:07]} 15. g4 {[%emt 0:08:24]} Nc4 {[%emt 0:05:05]} 16. Bxc4 {[%emt 0:02:54]}
dxc4 {[%emt 0:00:08]} 17. g5 {[%emt 0:00:11]} Nd5 {[%emt 0:08:44]} 18. Qe1 {
[%emt 0:15:14]} f5 {[%emt 0:22:16]} 19. gxf6 {[%emt 0:00:21]} Nxf6 {[%emt 0:00:
32]} 20. Qh4 {[%emt 0:00:18]} Qd8 {[%emt 0:00:40]} 21. Ne4 {[%emt 0:04:57]} Nh5
{[%emt 0:06:47]} 22. Qg4 {[%emt 0:11:49]} Ng7 {[%emt 0:00:16]} 23. Qg5 {
[%emt 0:00:10]} Qxg5+ {[%emt 0:07:56]} 24. fxg5 {[%emt 0:00:33]} h5 25. gxh6 {
[%emt 0:00:50]} Nf5 {[%emt 0:00:42]} 26. Nf6+ {[%emt 0:05:59]} Kh8 {[%emt 0:00:
26]} 27. Rc1 {[%emt 0:00:35]} b5 {[%emt 0:01:33]} 28. Kf2 {[%emt 0:00:29]} Rc7
{[%emt 0:01:48]} 29. Rg1 {[%emt 0:01:49]} Ne7 {[%emt 0:02:04]} 30. Rhg3 {
[%emt 0:01:20]} c3 {[%emt 0:01:30]} 31. Rxg6 {[%emt 0:01:24]} Bxg6 {[%emt 0:02:
10]} 32. Rxg6 {[%emt 0:00:05]} Nd5 {[%emt 0:04:44]} 33. Nxd5 {[%emt 0:01:03]}
exd5 {[%emt 0:01:19]} 34. bxc3 {[%emt 0:00:10]} Rf8+ {[%emt 0:03:18]} 35. Ke2 {
[%emt 0:00:26]} Rg8 {[%emt 0:00:23]} 36. Rd6 {[%emt 0:00:23]} Rg2+ {[%emt 0:00:
44]} 37. Kd3 {[%emt 0:00:36]} Rxh2 {[%emt 0:00:09]} 38. Rxd5 {[%emt 0:01:13]}
a6 {[%emt 0:01:19]} 39. Ng4 {[%emt 0:01:06]} Rh4 {[%emt 0:02:53]} 40. Rd8+ {
[%emt 0:01:03]} Kh7 {[%emt 0:00:10]} 41. Nf6+ {[%emt 0:01:17]} Kxh6 {[%emt 0:
01:03]} 42. Rd6 {[%emt 0:04:05]} Ra7 {[%emt 0:03:43]} 43. e4 {[%emt 0:05:29]}
Rh3+ {[%emt 0:00:45]} 44. Kc2 {[%emt 0:00:20]} Kg7 {[%emt 0:01:08]} 45. e5 {
[%emt 0:00:58]} a5 {[%emt 0:01:12]} 46. Nd5 {[%emt 0:01:37]} b4 {[%emt 0:03:23]
} 47. e6 {[%emt 0:02:40]} bxc3 {[%emt 0:01:18]} 48. e7 {[%emt 0:01:24]} Rb7 {
[%emt 0:04:40]} 49. Rg6+ {[%emt 0:04:47]} Kf7 {[%emt 0:02:33]} 50. Rf6+ {
[%emt 0:00:09]} Kg7 {[%emt 0:00:18]} 51. Rf1 {[%emt 0:05:53]} Rb8 {[%emt 0:10:
31]} 52. Nc7 {[%emt 0:06:20]} Rb2+ {[%emt 0:01:16]} 53. Kc1 {[%emt 0:00:15]}
Rhh2 {[%emt 0:00:20]} 54. Ne6+ {[%emt 0:00:10]} Kh7 {[%emt 0:02:11]} 55. e8=Q {
[%emt 0:01:10]} Rhc2+ {[%emt 0:00:14]} 56. Kd1 {[%emt 0:00:39]} Rd2+ 57. Kc1 {
[%emt 0:00:03]} 1/2-1/2

[Event "Sparkassen-Open A"]
[Site "Heusenstamm, Martinsee"]
[Date "2021.11.21"]
[Round "7.8"]
[White "Sieber, Fiona"]
[Black "Bethke, Richard"]
[Result "1-0"]
[WhiteElo "2207"]
[BlackElo "2330"]
[PlyCount "93"]
[EventDate "2021.??.??"]
[WhiteTeam "SG Aufbau Elbe Magdeburg"]
[BlackTeam "SF Neuberg"]

{[%evp 0,5,17,17,53,49,91,58]} 1. e4 {[%emt 0:00:27]} c5 2. Nf3 d6 3. d4 {
[%emt 0:00:07]} cxd4 4. Nxd4 Nf6 5. Nc3 a6 {[%emt 0:00:37]} 6. Be3 e5 7. Nf3 {
[%emt 0:00:29]} Be7 {[%emt 0:01:27]} 8. Nd2 {[%emt 0:00:18]} Ng4 {[%emt 0:18:
39]} 9. Nc4 {[%emt 0:00:17]} Nxe3 {[%emt 0:03:08]} 10. Nxe3 Nc6 {[%emt 0:00:16]
} 11. Bc4 {[%emt 0:05:56]} O-O {[%emt 0:03:05]} 12. O-O {[%emt 0:02:09]} Be6 {
[%emt 0:00:20]} 13. Ncd5 {[%emt 0:08:50]} Bg5 {[%emt 0:02:29]} 14. Nf5 {
[%emt 0:16:52]} g6 {[%emt 0:08:28]} 15. Nfe3 {[%emt 0:13:26]} Rc8 {[%emt 0:02:
49]} 16. Bb3 {[%emt 0:01:05]} Na5 {[%emt 0:08:12]} 17. Qd3 {[%emt 0:00:55]}
Bxe3 {[%emt 0:05:34]} 18. Nxe3 {[%emt 0:01:57]} Qb6 {[%emt 0:01:58]} 19. Rfd1 {
[%emt 0:03:25]} Rfd8 {[%emt 0:05:24]} 20. Rd2 {[%emt 0:00:16]} Nc6 {[%emt 0:09:
46]} 21. Bxe6 {[%emt 0:00:29]} fxe6 {[%emt 0:00:17]} 22. c3 Ne7 {[%emt 0:02:00]
} 23. Rad1 {[%emt 0:04:49]} Qc6 {[%emt 0:08:30]} 24. h4 {[%emt 0:01:32]} Kg7 {
[%emt 0:03:17]} 25. Ng4 {[%emt 0:01:54]} h5 {[%emt 0:00:17]} 26. Nh2 {[%emt 0:
00:38]} Ng8 {[%emt 0:08:20]} 27. Nf3 {[%emt 0:02:33]} Nf6 {[%emt 0:00:38]} 28.
Ng5 {[%emt 0:05:57]} d5 {[%emt 0:00:32]} 29. Qg3 {[%emt 0:00:45]} Qd6 {[%emt 0:
00:20]} 30. f4 {[%emt 0:02:58]} exf4 {[%emt 0:01:06]} 31. Qxf4 {[%emt 0:00:41]}
e5 {[%emt 0:01:52]} 32. Qf2 {[%emt 0:04:42]} Rd7 {[%emt 0:04:08]} 33. exd5 {
[%emt 0:00:56]} Ng4 {[%emt 0:00:35]} 34. Qg3 {[%emt 0:01:06]} Qb6+ {[%emt 0:00:
44]} 35. Kh1 Rxd5 {[%emt 0:00:52]} 36. Qf3 {[%emt 0:07:49]} Nf2+ {[%emt 0:00:
42]} 37. Rxf2 {[%emt 0:00:20]} Qxf2 {[%emt 0:00:32]} 38. Rxd5 {[%emt 0:03:29]}
Qxh4+ {[%emt 0:00:24]} 39. Qh3 {[%emt 0:00:43]} Qxg5 {[%emt 0:01:04]} 40. Qxc8
{[%emt 0:00:08]} Qc1+ 41. Kh2 Qf4+ 42. Kh3 {[%emt 0:00:11]} Qe3+ {[%emt 0:01:
56]} 43. g3 {[%emt 0:01:26]} Qe4 {[%emt 0:00:32]} 44. Rd1 {[%emt 0:03:28]} Qe2
{[%emt 0:01:09]} 45. Rd7+ {[%emt 0:02:05]} Kh6 {[%emt 0:00:08]} 46. Rf7 {
[%emt 0:00:04]} e4 {[%emt 0:02:48]} 47. Qf8+ {[%emt 0:00:13]} 1-0

[Event "Sparkassen-Open A"]
[Site "Heusenstamm, Martinsee"]
[Date "2021.11.21"]
[Round "7.9"]
[White "Lohr, Matthias"]
[Black "Karsay, Pascal"]
[Result "0-1"]
[WhiteElo "2063"]
[BlackElo "2309"]
[PlyCount "106"]
[EventDate "2021.??.??"]
[WhiteTeam "TSV Schott Mainz"]
[BlackTeam "SV Worms 1878"]

{[%evp 0,7,17,23,15,2,2,2,39,42]} 1. d4 {[%emt 0:01:43]} Nf6 2. c4 {[%emt 0:00:
28]} e6 {[%emt 0:00:08]} 3. Nf3 {[%emt 0:01:38]} Bb4+ 4. Bd2 {[%emt 0:00:04]}
Be7 5. g3 {[%emt 0:00:05]} a6 {[%emt 0:00:41]} 6. Nc3 {[%emt 0:02:30]} d5 {
[%emt 0:01:41]} 7. c5 {[%emt 0:04:38]} b6 {[%emt 0:01:15]} 8. b4 {[%emt 0:02:
33]} a5 {[%emt 0:00:45]} 9. a3 {[%emt 0:00:37]} O-O {[%emt 0:03:01]} 10. Bg2 {
[%emt 0:00:12]} bxc5 {[%emt 0:01:00]} 11. bxc5 {[%emt 0:00:36]} Nc6 {[%emt 0:
00:45]} 12. O-O {[%emt 0:12:33]} Ba6 {[%emt 0:06:34]} 13. Qc2 {[%emt 0:05:11]}
Bc4 {[%emt 0:02:48]} 14. Rfe1 {[%emt 0:08:34]} Qc8 {[%emt 0:05:19]} 15. e3 {
[%emt 0:01:51]} Qa6 {[%emt 0:01:46]} 16. Bf1 a4 {[%emt 0:06:37]} 17. Bxc4 Qxc4
{[%emt 0:01:03]} 18. Qa2 {[%emt 0:02:36]} Qxa2 {[%emt 0:04:46]} 19. Nxa2 {
[%emt 0:01:05]} Ne4 {[%emt 0:01:54]} 20. Bb4 {[%emt 0:01:00]} f5 {[%emt 0:01:
24]} 21. h4 {[%emt 0:03:43]} h6 {[%emt 0:03:05]} 22. Re2 {[%emt 0:04:46]} Rfb8
{[%emt 0:09:52]} 23. Nd2 {[%emt 0:04:11]} e5 {[%emt 0:03:21]} 24. Nxe4 {
[%emt 0:01:22]} fxe4 {[%emt 0:00:46]} 25. Rd1 {[%emt 0:05:42]} exd4 {[%emt 0:
03:11]} 26. exd4 {[%emt 0:00:43]} Bf6 {[%emt 0:00:59]} 27. Red2 {[%emt 0:01:08]
} Nd8 {[%emt 0:02:16]} 28. Rb2 {[%emt 0:02:07]} Ne6 {[%emt 0:02:07]} 29. Rbd2 {
[%emt 0:01:19]} g5 {[%emt 0:01:39]} 30. Nc3 {[%emt 0:01:22]} c6 {[%emt 0:01:29]
} 31. h5 {[%emt 0:07:18]} g4 {[%emt 0:00:09]} 32. Kg2 {[%emt 0:00:03]} Rf8 {
[%emt 0:02:45]} 33. Ne2 {[%emt 0:01:17]} Bg5 {[%emt 0:00:54]} 34. Rb2 {[%emt 0:
01:28]} Rf3 {[%emt 0:01:48]} 35. Ng1 {[%emt 0:01:26]} Rd3 {[%emt 0:08:51]} 36.
Rxd3 {[%emt 0:01:39]} exd3 {[%emt 0:00:57]} 37. f4 {[%emt 0:00:25]} Bf6 {
[%emt 0:00:37]} 38. Rd2 Bxd4 {[%emt 0:02:55]} 39. Rxd3 {[%emt 0:02:28]} Bxg1 {
[%emt 0:01:30]} 40. Kxg1 {[%emt 0:00:39]} Ng7 {[%emt 0:05:19]} 41. Bc3 {
[%emt 0:31:16]} Nf5 {[%emt 0:04:51]} 42. Kf2 {[%emt 0:02:33]} d4 {[%emt 0:02:
36]} 43. Bb4 {[%emt 0:02:33]} Re8 {[%emt 0:00:30]} 44. Ba5 {[%emt 0:01:00]} Re3
{[%emt 0:01:53]} 45. Rxe3 {[%emt 0:00:21]} dxe3+ {[%emt 0:00:27]} 46. Ke2 {
[%emt 0:04:42]} Kf7 {[%emt 0:00:44]} 47. Kd3 {[%emt 0:01:59]} Ke6 {[%emt 0:01:
07]} 48. Ke4 Nxg3+ {[%emt 0:00:28]} 49. Kxe3 {[%emt 0:00:09]} Nxh5 50. Be1 {
[%emt 0:01:38]} Ng7 {[%emt 0:00:37]} 51. Kd4 {[%emt 0:00:51]} Nf5+ {[%emt 0:00:
34]} 52. Kc4 {[%emt 0:00:24]} h5 {[%emt 0:00:09]} 53. Kb4 {[%emt 0:00:29]} h4 {
[%emt 0:00:14]} 0-1

[Event "Sparkassen-Open A"]
[Site "Heusenstamm, Martinsee"]
[Date "2021.11.21"]
[Round "7.10"]
[White "Solonar, Stefan"]
[Black "Lesny, Florian"]
[Result "1/2-1/2"]
[WhiteElo "2298"]
[BlackElo "2143"]
[PlyCount "69"]
[EventDate "2021.??.??"]
[WhiteTeam "SC Heusenstamm"]
[BlackTeam "SK Niederbrechen"]

{[%evp 0,10,15,15,15,23,23,2,2,7,10,10,16]} 1. Nf3 {[%emt 0:00:13]} d5 2. d4 {
[%emt 0:00:10]} Nf6 {[%emt 0:00:18]} 3. c4 e6 {[%emt 0:00:07]} 4. cxd5 {
[%emt 0:00:37]} exd5 {[%emt 0:00:52]} 5. Nc3 c6 {[%emt 0:01:02]} 6. Bg5 {
[%emt 0:00:06]} Be7 {[%emt 0:00:10]} 7. e3 {[%emt 0:00:15]} O-O {[%emt 0:00:07]
} 8. Bd3 {[%emt 0:00:13]} h6 {[%emt 0:02:14]} 9. Bf4 {[%emt 0:01:18]} Be6 {
[%emt 0:02:44]} 10. h3 {[%emt 0:03:31]} c5 {[%emt 0:04:36]} 11. dxc5 {[%emt 0:
01:05]} Bxc5 {[%emt 0:02:11]} 12. O-O {[%emt 0:00:20]} Nc6 {[%emt 0:01:27]} 13.
Rc1 {[%emt 0:00:58]} a6 {[%emt 0:05:31]} 14. Na4 {[%emt 0:00:43]} Bd6 {[%emt 0:
09:05]} 15. Bxd6 {[%emt 0:01:11]} Qxd6 16. Nc5 {[%emt 0:00:27]} Rab8 {[%emt 0:
03:17]} 17. Bb1 {[%emt 0:07:15]} Ne5 {[%emt 0:06:50]} 18. Nd4 {[%emt 0:00:44]}
Rfc8 {[%emt 0:03:29]} 19. b4 {[%emt 0:01:27]} a5 {[%emt 0:05:52]} 20. a3 {
[%emt 0:14:53]} axb4 {[%emt 0:01:45]} 21. axb4 {[%emt 0:01:32]} b6 {[%emt 0:00:
42]} 22. Ncxe6 {[%emt 0:05:48]} Rxc1 {[%emt 0:02:24]} 23. Qxc1 {[%emt 0:00:36]}
fxe6 {[%emt 0:00:04]} 24. b5 {[%emt 0:00:25]} Ra8 {[%emt 0:03:26]} 25. Rd1 {
[%emt 0:03:13]} Nc4 {[%emt 0:06:33]} 26. Bd3 {[%emt 0:03:52]} Ne5 {[%emt 0:01:
29]} 27. Bb1 {[%emt 0:05:15]} Nc4 {[%emt 0:00:40]} 28. e4 {[%emt 0:01:29]} Re8
{[%emt 0:05:52]} 29. exd5 {[%emt 0:03:52]} exd5 {[%emt 0:02:18]} 30. Bg6 Ra8 {
[%emt 0:02:26]} 31. Nf5 {[%emt 0:05:36]} Qc7 {[%emt 0:04:33]} 32. Re1 {[%emt 0:
05:40]} Ne4 {[%emt 0:03:01]} 33. Ne7+ {[%emt 0:08:49]} Qxe7 {[%emt 0:01:46]}
34. Bxe4 {[%emt 0:00:08]} Qc5 {[%emt 0:01:10]} 35. Bg6 {[%emt 0:01:11]} 1/2-1/2

[Event "Sparkassen-Open A"]
[Site "Heusenstamm, Martinsee"]
[Date "2021.11.21"]
[Round "7.11"]
[White "Cofmann, Veaceslav"]
[Black "Kleibel, Uwe"]
[Result "1-0"]
[WhiteElo "2288"]
[BlackElo "2149"]
[PlyCount "91"]
[EventDate "2021.??.??"]
[WhiteTeam "SC Eppingen"]
[BlackTeam "SC Bavaria Regensburg von 1881"]

{[%evp 0,12,15,23,23,2,44,30,37,37,25,-26,32,16,39]} 1. d4 {[%emt 0:00:17]} d5
2. c4 {[%emt 0:00:04]} c6 3. cxd5 {[%emt 0:00:23]} cxd5 4. Nc3 Nf6 {[%emt 0:00:
27]} 5. f3 Qb6 {[%emt 0:03:26]} 6. e4 {[%emt 0:00:40]} dxe4 {[%emt 0:00:04]} 7.
fxe4 {[%emt 0:00:15]} e5 {[%emt 0:00:20]} 8. Bb5+ {[%emt 0:02:35]} Nc6 {
[%emt 0:07:18]} 9. d5 {[%emt 0:00:34]} Bb4 {[%emt 0:01:25]} 10. Qd3 {[%emt 0:
00:34]} a6 {[%emt 0:00:56]} 11. Ba4 {[%emt 0:00:35]} Qa5 {[%emt 0:01:00]} 12.
Bd1 {[%emt 0:00:34]} Nd4 {[%emt 0:04:42]} 13. Bd2 {[%emt 0:03:57]} O-O {
[%emt 0:03:12]} 14. Nf3 {[%emt 0:03:33]} Nxf3+ {[%emt 0:08:40]} 15. Bxf3 {
[%emt 0:00:10]} Bd7 {[%emt 0:01:29]} 16. O-O {[%emt 0:11:39]} Bb5 {[%emt 0:04:
55]} 17. Nxb5 {[%emt 0:00:33]} Bxd2 {[%emt 0:00:04]} 18. Na3 {[%emt 0:03:03]}
Qc5+ {[%emt 0:02:24]} 19. Kh1 {[%emt 0:00:39]} Qe3 {[%emt 0:00:12]} 20. Qxe3 {
[%emt 0:03:52]} Bxe3 {[%emt 0:00:03]} 21. Nc4 {[%emt 0:00:18]} Bd4 {[%emt 0:00:
25]} 22. Rab1 {[%emt 0:14:51]} Rfd8 {[%emt 0:10:32]} 23. b3 {[%emt 0:01:26]}
Kf8 {[%emt 0:08:28]} 24. Rbc1 {[%emt 0:04:37]} Ke7 {[%emt 0:06:50]} 25. Na5 {
[%emt 0:00:47]} Rd7 {[%emt 0:00:52]} 26. b4 {[%emt 0:01:22]} Kd6 {[%emt 0:12:
00]} 27. Rfd1 {[%emt 0:01:07]} Rb8 {[%emt 0:03:45]} 28. Nb3 {[%emt 0:02:13]}
Ba7 {[%emt 0:02:14]} 29. Na5 {[%emt 0:15:48]} Bd4 {[%emt 0:00:42]} 30. g4 {
[%emt 0:00:14]} g5 {[%emt 0:04:05]} 31. Rf1 {[%emt 0:02:59]} Ke7 {[%emt 0:04:
55]} 32. h3 {[%emt 0:02:39]} Be3 {[%emt 0:07:14]} 33. Rc2 {[%emt 0:03:06]} Bf4
{[%emt 0:00:08]} 34. Rb1 {[%emt 0:01:18]} Kd8 {[%emt 0:02:39]} 35. b5 {[%emt 0:
01:09]} axb5 {[%emt 0:00:10]} 36. Rxb5 {[%emt 0:00:08]} Rc8 {[%emt 0:00:07]}
37. Rxc8+ {[%emt 0:03:26]} Kxc8 38. Rb6 Ne8 {[%emt 0:00:38]} 39. Nc4 {[%emt 0:
01:18]} Rc7 {[%emt 0:01:35]} 40. Be2 {[%emt 0:00:22]} Rc5 {[%emt 0:00:25]} 41.
a4 {[%emt 0:05:45]} Kc7 {[%emt 0:04:49]} 42. d6+ {[%emt 0:00:48]} Kc8 {[%emt 0:
00:30]} 43. Rxb7 {[%emt 0:00:56]} Nf6 {[%emt 0:02:39]} 44. Rxf7 {[%emt 0:00:15]
} Nxe4 {[%emt 0:01:48]} 45. Nb6+ {[%emt 0:00:33]} Kd8 46. Rf8# {[%emt 0:00:09]}
1-0